ARRUPE JESUIT UNIVERSITY

CORONAVIRUS -STOP THE SPREAD - CLEAN,DISINFECT,COVER

The Penguin encyclopedia of places (Record no. 124237)

MARC details
000 -LEADER
fixed length control field 00412nam a22001337a 4500
008 - FIXED-LENGTH DATA ELEMENTS--GENERAL INFORMATION
fixed length control field 160229b xxu||||| |||| 00| 0 eng d
050 ## - LIBRARY OF CONGRESS CALL NUMBER
Classification number REF G 1023.M60
100 ## - MAIN ENTRY--PERSONAL NAME
Personal name Moore, George Wilfred
9 (RLIN) 22537
245 ## - TITLE STATEMENT
Title The Penguin encyclopedia of places
Statement of responsibility, etc Wilfred George Moore
260 ## - PUBLICATION, DISTRIBUTION, ETC. (IMPRINT)
Place of publication, distribution, etc England
Name of publisher, distributor, etc Penguin Books
Date of publication, distribution, etc 1971
300 ## - PHYSICAL DESCRIPTION
Extent 835p.;
Dimensions 20cm.
650 ## - SUBJECT ADDED ENTRY--TOPICAL TERM
Topical term or geographic name as entry element Geography
9 (RLIN) 22538
General subdivision Dictionaries
942 ## - ADDED ENTRY ELEMENTS (KOHA)
Source of classification or shelving scheme Library of Congress Classification
Item type REFERENCE
Holdings
Withdrawn status Lost status Source of classification or shelving scheme Damaged status Not for loan Collection code Home library Current library Shelving location Date acquired Total Checkouts Full call number Barcode Date last seen Price effective from Koha item type
    Library of Congress Classification     REFERENCE ARRUPE LIBRARY ARRUPE LIBRARY Main Collection 29/02/2016   REF G1023.M60 46500006249 29/02/2016 29/02/2016 REFERENCE

 

Arrupe Library. PO Box MP320 Mt Pleasant, Harare, Zimbabwe
263 242 745411|librarian@aju.ac.zw